| 000 | 01343cam a22002775a 4500 | ||
|---|---|---|---|
| 001 | 19258454 | ||
| 005 | 20160906120040.0 | ||
| 008 | 160901t2016 cc a fr 001 0 eng d | ||
| 020 | _a9781491939369 | ||
| 040 |
_aBTCTA _beng _cBTCTA _dYDXCP _dBDX _dYEQ _dYYP _dJRZ _dOCLCF _dDLC _dEG-ScBUE |
||
| 082 | 0 | 4 |
_222 _a005.133 _bDOW |
| 100 | 1 |
_aDowney, Allen. _941030 |
|
| 245 | 1 | 0 |
_aThink Python / _cAllen B. Downey. |
| 250 | _a2nd ed., updated for Python 3. | ||
| 260 |
_aBeijing : _bO'reilly, _cc.2016. |
||
| 300 |
_axx, 268 p. : _bill. ; _c24 cm. |
||
| 500 | _a"How to think like a computer scientist" -- Cover. | ||
| 500 | _aEdition statement from cover. | ||
| 500 | _aIndex : p. 257-268. | ||
| 505 | 0 | _aThe way of the program -- Variables, expressions and statements -- Functions -- Case Study: Interface design -- Conditionals and recursion -- Fruitful functions -- Iteration -- Strings -- Case study: Word play -- Lists -- Dictionaries -- Tuples -- Case study: Data structure selection -- Files -- Classes and objects -- Classes and functions -- Classes and methods -- Inheritance -- The goodies -- Debugging -- Analysis of algorithms. | |
| 650 | 7 |
_aPython (Computer program language) _2BUEsh _913168 |
|
| 650 | 7 |
_aComputer _xProgramming Languages _xGeneral. _2bisacsh |
|
| 651 | _2BUEsh | ||
| 653 |
_bHHUUEENN _cSeptember2016 |
||
| 942 | _2ddc | ||
| 999 |
_c22305 _d22277 |
||